00430nam a2200157Ia 4500008004100000020001500041082001700056100002100073245004800094250001200142260004700154300000900201650001800210650002000228650002400248200103s9999||||xx |||||||||||||| ||und|| a1850442436 a347.845bRIC aRichardson, John 2aA guide to the hangue and hague-visby rules a2nd Ed. bLloyd's of London Press Ltd.c1989aLondon a82p. aGreat Britain aBills of lading aContracts, Maritime